000 00396cam a2200157ua 4500
003 OSt
005 20260213114820.0
008 260213b |||||||| |||| 00| 0 eng d
020 _a0-85835-680-5
041 _aeng
082 _a028.73423
_bOXF/NE
245 _aNew Oxford encyclopaediac dictionary
260 _aLondon :
_bOxford University Press ,
_c1920.
300 _a1920 ; .
942 _cBK
999 _c10840
_d10840